| 000 | 00467nam a22001937a 4500 | ||
|---|---|---|---|
| 003 | OSt | ||
| 005 | 20260603144700.0 | ||
| 008 | 260603b |||||||| |||| 00| 0 eng d | ||
| 020 | _a9788173716119 | ||
| 082 | _a005.1 HOC | ||
| 100 | _aHOROWITZ,Ellis. | ||
| 245 | _aComputer Algorithms C++ | ||
| 250 | _a2nd Ed | ||
| 260 |
_aNew Delhi _bUniversity Press _c2024 |
||
| 300 | _a774 | ||
| 700 | _aSAHNI,Sartaj | ||
| 700 | _aRAJASEKARAN,Sanguthevar | ||
| 942 |
_2ddc _cBK |
||
| 999 |
_c13998 _d13998 |
||